Normal view
MARC view
- Water
Entry Topical Term
001 - CONTROL NUMBER
- control field: 8448
003 - CONTROL NUMBER IDENTIFIER
- control field: NUST
005 - DATE AND TIME OF LATEST TRANSACTION
- control field: 20180116125512.0
008 - FIXED-LENGTH DATA ELEMENTS
- fixed length control field: 180116|| aca||aabn | a|a d
040 ## - CATALOGING SOURCE
- Original cataloging agency: NUST
- Transcribing agency: NUST
150 ## - HEADING--TOPICAL TERM
- Topical term or geographic name entry element: Water
- General subdivision: Purification
- General subdivision: Energy consumption.
670 ## - SOURCE DATA FOUND
- Source citation: Work cat.: (NUST)173644: Renewable energy applications for freshwater production /, c2012.
